Seurat

Salvato in:
Dettagli Bibliografici
Autore principale: Lonzi, Carla (autora)
Natura: Libro
Lingua:spagnolo
Pubblicazione: Buenos Aires Viscontea 1979
Serie:Colección Los Grandes Pintores, 45
Soggetti:
Tags: Aggiungi Tag
Nessun Tag, puoi essere il primo ad aggiungerne!!

MARC

LEADER 00000nam a2200000 a 4500
001 UCZ3499
003 CL-VaPUC
008 951027e19790000AG |||||||||||||||||spa|d
082 0 4 |a 759.05  |b LON  |2 21 
100 |a Lonzi, Carla  |e autora  |9 573247 
245 1 0 |a Seurat 
300 |a 16 p 
942 |c BK 
945 |d 19951027 00:00:00  |a rbrito 
260 |a Buenos Aires  |b Viscontea  |c 1979 
600 0 7 |a SEURAT, GEORGES  |2 CL-VaPUC  |9 347272 
650 0 |a Pintura francesa  |9 266122 
650 0 |a Pintores franceses   |9 340354 
650 0 |a Crítica e interpretación   |9 255042 
651 0 |a Francia  |9 255157 
583 |a last modification  |c 19951027 00:00:00  |k Rodrigo Vera 
490 0 |a Colección Los Grandes Pintores, 45 
999 |c 239971  |d 239969 
952 |0 0  |1 0  |4 0  |6 759_050000000000000_LON_1979  |7 0  |8 A  |9 251540  |a BIBARQ  |b BIBARQ  |d 2019-11-18  |i 3143880  |o 759.05 LON 1979  |p 3143880  |r 2025-01-20  |w 2019-11-18  |y BK  |k ARQ